Az éghajlat és az évszakok befolyása a szervezetre, különös tekintettel a tuberkulózis gyógyulására referátum /
Elmentve itt :
| Szerző: | |
|---|---|
| Dokumentumtípus: | Könyv része |
| Megjelent: |
1933
|
| Sorozat: | Közlemények a szegedi kir. magy. Ferencz József-Tudományegyetem belgyógyászati klinikájáról
Közlemények a szegedi kir. magy. Ferencz József-Tudományegyetem belgyógyászati klinikájáról 1932-1933 |
| Kulcsszavak: | Tuberkulózis - terápia |
| Tárgyszavak: | |
| Online Access: | http://acta.bibl.u-szeged.hu/54073 |
| LEADER | 00948naa a2200205 i 4500 | ||
|---|---|---|---|
| 001 | acta54073 | ||
| 005 | 20220107080349.0 | ||
| 008 | 180607s1933 hu o 0|| hun d | ||
| 040 | |a SZTE Egyetemi Kiadványok Repozitórium |b hun | ||
| 041 | |a hun | ||
| 100 | 1 | |a Rusznyák István | |
| 245 | 1 | 3 | |a Az éghajlat és az évszakok befolyása a szervezetre, különös tekintettel a tuberkulózis gyógyulására |h [elektronikus dokumentum] : |b referátum / |c Rusznyák István |
| 260 | |c 1933 | ||
| 300 | |a 1-20 | ||
| 490 | 0 | |a Közlemények a szegedi kir. magy. Ferencz József-Tudományegyetem belgyógyászati klinikájáról | |
| 490 | 0 | |a Közlemények a szegedi kir. magy. Ferencz József-Tudományegyetem belgyógyászati klinikájáról 1932-1933 | |
| 650 | 4 | |a Orvos- és egészségtudomány | |
| 650 | 4 | |a Klinikai orvostan | |
| 695 | |a Tuberkulózis - terápia | ||
| 856 | 4 | 0 | |u http://acta.bibl.u-szeged.hu/54073/1/kozl_belgy_32_33_001-020.pdf |z Dokumentum-elérés |